Drevený tato

Bibliographic Details
Main Author: Janovic, Tomáš, 1937-2023 (Author)
Format: Article
Language:Slovak
ISSN:1335-020X
Subjects:

MARC

LEADER 00000nab a2200000 a 4500
001 vtls009528830
003 SK-MaSNL
005 20260303201422.0
008 090623 2009 xo m p 000 0 slo
015 |a SNBRB 2009/06 
038 |a KEKMK 
040 |a KEKMK  |b slo  |c KEKMK  |e AACR2 
041 |a slo 
044 |a xo  |c SK 
100 1 |a Janovic, Tomáš,  |d 1937-2023  |4 aut  |9 103580 
245 1 0 |a Drevený tato  |c Tomáš Janovic 
650 0 7 |a literatúra pre deti a mládež  |2 kekmk  |9 21893 
773 0 |t Fifík : mesačník pre deti  |g Roč. 19, č.9 máj (2009), s.8-9  |x 1335-020X 
958 |a DB 
999 |c 2173939  |d 2175869